Every Country Bordering Guyana’s Neighbors - Statistics

General Stats
  • This quiz has been taken 10 times
  • The average score is 5 of 6
Answer Stats
Country % Correct
Colombia
100%
Bolivia
89%
Paraguay
89%
Peru
89%
Uruguay
89%
Argentina
67%
No matching quizzes found
Score Distribution
Percent of People with Each Score
Percentile by Number Answered
Your Score History
You have not taken this quiz